Méchant disney et Pixar - Statistiques

Statistiques générales
  • Ce quiz a été pris 1 152 fois
    1 031 depuis la dernière actualisation
  • Le résultat moyen est 15 sur 35
Statistiques - réponses
Hint Disney/pixar Réponse % Correct
8 Les 101 dalmatiens Cruella
91%
13 Aladdin Jafar
87%
14 Le roi lion Scar
87%
6 Peter Pan Capitaine crochet
85%
7 La belle au bois dormant Maléfique
78%
11 La petite sirène Ursula
78%
12 La belle et la bête Gaston
75%
1 Blanche neige La sorcière/ Méchante reine
74%
19 Hercule Hades
72%
5 Alice La reine de coeur
71%
30 La reine des neiges Hans
63%
29 Raiponce Mère Gothel
53%
9 Le livre de la jungle Shere Khan
45%
18 Le bossu de notre dame Claude Frollo
41%
17 Toy story 3 Lotso
41%
10 Les aristochats Edgar
40%
16 Toy story 1 Sid
38%
28 La princesse et la grenouille Le docteur facilier
36%
24 Monstres et cie Léon
36%
23 Kuzco Yzma
36%
34 Coco Ernesto de la cruz
31%
25 Les indestructibles Syndrome
27%
20 Mulan Shan Yu
24%
22 Tarzan Clayton
22%
4 Cendrillon Madame de Tremaine
21%
15 Pocahontas John Ratcliffe
20%
2 Pinocchio Grand Coquin
16%
26 Ratatouille Skinner
15%
21 1001 Pattes Le borgne
14%
33 Vaiana Tamatoa
14%
3 Dumbo Monsieur Loyal
13%
27 La haut Charles Muntz
8%
32 Zootopie Dawn Bellwether
7%
35 Les indestructibles 2 Evelyn
3%
31 Les nouveaux héros Yokai
3%
Aucun quiz correspondant
Distribution des résultats
% des personnes avec chaque résultat
Percentile par nombre de réponses
Votre historique - résultats
Vous n’avez pas pris ce quiz depuis la dernière actualisation